Důvěra jako základ fungování Evropské unie

Dôvera ako dôležitý faktor úspešného fungovania členských štátov EÚ. Hodnoty právneho štátu.

Gespeichert in:
Bibliographische Detailangaben
1. Verfasser: Svoboda, Pavel
Format: Buchkapitel
Sprache:Tschechisch
Schlagworte:
Tags: Tag hinzufügen
Keine Tags, Fügen Sie das erste Tag hinzu!

MARC

LEADER 00000naa a2200000 4500
001 0287335
005 20220823123630.0
041 0 |a cze 
044 |a CZ 
245 1 0 |a Důvěra jako základ fungování Evropské unie  |c Pavel Svoboda 
520 |a Dôvera ako dôležitý faktor úspešného fungovania členských štátov EÚ. Hodnoty právneho štátu. 
610 2 0 |a dôvera 
610 2 0 |a štát právny 
610 2 0 |a hodnota 
610 2 0 |a Európska únia 
610 2 0 |a vzťahy medziľudské 
100 1 |a Svoboda, Pavel